MARC

LEADER 00000nam0a2200000 4500
001 1931
005 20231030173510.0
010 |a 5884150156 
035 |a (RuTPU)RU\TPU\book\1940 
035 |a BOOK00001942 
090 |a 1931 
100 |a 20011209d1995 km y0rusy50 ca 
101 0 |a rus 
102 |a RU 
105 |a a j 000zy 
200 1 |a Экспериментальная психология исполнительного действия  |f Н. Д. Гордеева 
210 |a Москва  |c Тривола  |d 1995 
215 |a 321 с.  |c ил. 
225 1 |a Программа: Обновление гуманитарного образования в России 
610 1 |a психология 
610 1 |a экспериментальная психология 
610 1 |a действие 
610 1 |a движение 
610 1 |a учебные пособия и руководства 
686 |a Ю936я73  |v LBC/SL-A  |2 rubbk 
700 1 |a Гордеева  |b Н. Д.  |g Наталья Дмитриевна 
801 0 |a RU  |b 63413507  |c 20011209  |g PSBO 
801 2 |a RU  |b 63413507  |c 20220526  |g PSBO 
942 |c BK